000 00287nam a2200109Ia 4500
008 190906s9999||||xx |||||||||||||| ||und||
100 _aTimothy Budd
245 3 _aAn Introduction To Object-Oriented Programming
260 _aNew York
_bAddison-Wesley
_c1991
300 _a399
942 _cBK
999 _c5970
_d5970